000 00289nam a2200133Ia 4500
008 191201s2011 xx 000 0 und d
082 _a657
_bKHC
100 _aKHAN, M Y
245 0 _aCost Accounting
260 _aN.Delhi
_bTMH
_c2011
300 _aMISC
650 _aMBA
942 _2ddc
_cBK
999 _c3160
_d3160